Wyniki plebiscytu "Przeglądu Sportowego" na najlepszego sportowca 2025 - Statystyki

Ogólne statystyki
  • Ten quiz został rozwiązany 17 razy
  • Średni wynik to 8 z 10
Statystyki odpowiedzi
Miejsce Dyscyplina Sportowiec % Poprawnych
2. Tenis Iga Świątek
100%
5. Wyścigi samochodowe Robert Kubica
100%
7. Piłka nożna Robert Lewandowski
100%
3. Siatkówka Wilfredo Leon
100%
9. Wspinaczka Aleksandra Mirosław
94%
4. Żużel Bartosz Zmarzlik
88%
8. Koszykówka Mateusz Ponitka
82%
1. Kajakarstwo górskie Klaudia Zwolińska
65%
6. Skok wzwyż Maria Żodzik
35%
10. Rajdy samochodowe Miko Marczyk
12%
Nie znaleziono quizów pasujących do podanych kryteriów
Rozkład punktacji
Procent ludzi z każdym wynikiem
Percentyl według liczby udzielonych odpowiedzi
Twoja historia wyników
Nie rozwiązałeś tego quizu